000 00558nam a2200193Ia 4500
005 20250527120207.0
008 240821s9999 xx 000 0 und d
020 _a9781433188978
_qpbk
041 _aeng
082 _a370.115 ARR
100 _aArriaza, Gilberto
245 0 _aCommunity-owned Knowledge: The Promise of Collaborative Action Research
_c/Gilberto Arriaza & Lyn Scott;
250 _a1st ed.
260 _bPeterlang Pub,
_c2022.
_aNew York:
300 _a200p. :
_c19cm.
650 _aEducation
700 _aScott, Lyn
942 _cENGLISH
999 _c523787
_d523787